LIBRARY ONLINE CATALOGUE

Principles of physical chemistry / (Record no. 2358)

MARC details
000 -LEADER
fixed length control field 00709cam a22002172 4500
001 - CONTROL NUMBER
control field 0000003986
005 - DATE AND TIME OF LATEST TRANSACTION
control field 20151217145748.0
008 - FIXED-LENGTH DATA ELEMENTS--GENERAL INFORMATION
fixed length control field 070517s xx 000 0 eng d
020 ## - INTERNATIONAL STANDARD BOOK NUMBER
International Standard Book Number 013027805X :
Terms of availability GBP 46.99
040 ## - CATALOGING SOURCE
Original cataloging agency KABU
Transcribing agency KABU
050 #0 - LIBRARY OF CONGRESS CALL NUMBER
Classification number QD453.2
Item number .R34
100 1# - MAIN ENTRY--PERSONAL NAME
Personal name Raff, Lionel M.
-- 0000154287
245 10 - TITLE STATEMENT
Title Principles of physical chemistry /
Statement of responsibility, etc. Lionel M. Raff.
260 ## - PUBLICATION, DISTRIBUTION, ETC. (IMPRINT)
Place of publication, distribution, etc. Upper Saddle River, NJ :
Name of publisher, distributor, etc. Prentice Hall,
Date of publication, distribution, etc. c2001.
300 ## - PHYSICAL DESCRIPTION
Extent xxxi, 1256 p. :
Other physical details ill. ;
Dimensions 26 cm.
504 ## - BIBLIOGRAPHY, ETC. NOTE
Bibliography, etc Includes bibliographical references and index.
650 #0 - SUBJECT ADDED ENTRY--TOPICAL TERM
Topical term or geographic name as entry element Chemistry, Physical and theoretical.
-- 0000154243
908 ## - PUT COMMAND PARAMETER (RLIN)
Put command parameter 070517
950 ## - LOCAL HOLDINGS (RLIN)
-- 1
Holdings
Withdrawn status Lost status Source of classification or shelving scheme Not for loan Home library Current library Date acquired Total Checkouts Total Renewals Full call number Barcode Date last seen Date last checked out Price effective from Koha item type
    Library of Congress Classification   Kabarak, Main Campus Kabarak, Main Campus 17/12/2015 6 1 QD453.2 .R34 006286 04/10/2024 19/09/2024 17/12/2015 General Collection